Hydrodynamics of Liquid Motion in Straight-Line Capillaries; Materials Science Forum; Vol. 942 : Modern Problems in Materials Processing, Manufacturing, Testing and Quality Assurance

Podrobná bibliografie
Parent link:Materials Science Forum: Scientific Journal
Vol. 942 : Modern Problems in Materials Processing, Manufacturing, Testing and Quality Assurance.— 2019.— [P. 110-120]
Korporativní autor: Национальный исследовательский Томский политехнический университет Инженерная школа неразрушающего контроля и безопасности Отделение контроля и диагностики
Další autoři: Lobanova I. S. Irina Sergeevna, Meshcheryakov V. A. Vladimir Alekseevich, Kalinichenko A. N. Aleksey Nikolaevich, Surzhikov A. P. Anatoly Petrovich
Shrnutí:Title screen
The paper considers the mathematical model of liquid motion in straight-line capillaries. The proposed mathematical model shows the liquid motion in slit-like capillaries, with regard to the density, viscosity and surface tension of liquids, the capillary size, and the angle of capillary inclination to the horizontal. The modeling results are proved by full-scale experiments.
Режим доступа: по договору с организацией-держателем ресурса
Jazyk:angličtina
Vydáno: 2019
Témata:
On-line přístup:https://doi.org/10.4028/www.scientific.net/MSF.942.110
Médium: MixedMaterials Elektronický zdroj Kapitola
KOHA link:https://koha.lib.tpu.ru/cgi-bin/koha/opac-detail.pl?biblionumber=660016

MARC

LEADER 00000nla2a2200000 4500
001 660016
005 20240130124501.0
035 |a (RuTPU)RU\TPU\network\28897 
090 |a 660016 
100 |a 20190417a2019 k y0engy50 ba 
101 0 |a eng 
102 |a CH 
105 |a y z 100zy 
135 |a drgn ---uucaa 
181 0 |a i  
182 0 |a b 
200 1 |a Hydrodynamics of Liquid Motion in Straight-Line Capillaries  |f I. S. Lobanova [et al.] 
203 |a Text  |c electronic 
300 |a Title screen 
330 |a The paper considers the mathematical model of liquid motion in straight-line capillaries. The proposed mathematical model shows the liquid motion in slit-like capillaries, with regard to the density, viscosity and surface tension of liquids, the capillary size, and the angle of capillary inclination to the horizontal. The modeling results are proved by full-scale experiments. 
333 |a Режим доступа: по договору с организацией-держателем ресурса 
461 0 |0 (RuTPU)RU\TPU\network\24092  |t Materials Science Forum  |o Scientific Journal 
463 0 |0 (RuTPU)RU\TPU\network\28876  |t Vol. 942 : Modern Problems in Materials Processing, Manufacturing, Testing and Quality Assurance  |o January 2019, Tomsk, Russia  |f National Research Tomsk Polytechnic University (TPU) ; ed. A. P. Surzhikov  |v [P. 110-120]  |d 2019 
610 1 |a электронный ресурс 
610 1 |a труды учёных ТПУ 
610 1 |a capillary 
610 1 |a liquid 
610 1 |a model 
610 1 |a penetration 
610 1 |a surface 
610 1 |a капилляры 
610 1 |a жидкость 
610 1 |a модели 
610 1 |a проникновение 
610 1 |a поверхности 
701 1 |a Lobanova  |b I. S.  |c specialist in the field of non-destructive testing  |c Engineer, Associate Professor of Tomsk Polytechnic University, Candidate of Technical Sciences  |f 1988-  |g Irina Sergeevna  |3 (RuTPU)RU\TPU\pers\36098  |9 19214 
701 1 |a Meshcheryakov  |b V. A.  |g Vladimir Alekseevich 
701 1 |a Kalinichenko  |b A. N.  |c specialist in the field of descriptive geometry  |c Associate Professor of Tomsk Polytechnic University, Candidate of technical sciences  |f 1981-  |g Aleksey Nikolaevich  |3 (RuTPU)RU\TPU\pers\31018  |9 15248 
701 1 |a Surzhikov  |b A. P.  |c physicist  |c Professor of Tomsk Polytechnic University, doctor of physical and mathematical sciences (DSc)  |f 1951-  |g Anatoly Petrovich  |3 (RuTPU)RU\TPU\pers\30237  |9 14617 
712 0 2 |a Национальный исследовательский Томский политехнический университет  |b Инженерная школа неразрушающего контроля и безопасности  |b Отделение контроля и диагностики  |3 (RuTPU)RU\TPU\col\23584 
801 2 |a RU  |b 63413507  |c 20190417  |g RCR 
856 4 |u https://doi.org/10.4028/www.scientific.net/MSF.942.110 
942 |c CF